| 000 | 00464nam a2200169 i 4500 | ||
|---|---|---|---|
| 001 | 34337 | ||
| 003 | ES-MaACL | ||
| 005 | 20230906154920.0 | ||
| 007 | t| | ||
| 008 | 030204s1967 sp ||||1| spa d | ||
| 100 | 1 |
_aBlasco Marti, Félix. _929394 |
|
| 245 | 1 | 2 |
_aProntuario de contabilidad / _cFélix Blasco Marti. |
| 260 |
_aBarcelona : _bZeus, _c[1967] |
||
| 300 |
_a384 p. ; _c15 cm. |
||
| 650 | 0 | 4 |
_aContabilidad. _911307 |
| 852 |
_aES-MaACL _jC-28407 _bR.62604 |
||
| 999 |
_c34337 _d34337 |
||